Kinh tế và quản lý doanh nghiệp /

Doanh nghiệp và môi trường hoạt động của doanh nghiệp, vấn đề cơ bản của quản lý, marketing, quản lý sản xuất, nhân lực, tài chính doanh nghiệp, dự án đầu tư, quản lý chất lượng...

Tallennettuna:
Bibliografiset tiedot
Päätekijä: Ngô Trần Ánh, PTS.
Aineistotyyppi: Kirja
Kieli:Vietnamese
Julkaistu: Đà Nẵng : Thống kê, 2000.
Aiheet:
Tagit: Lisää tagi
Ei tageja, Lisää ensimmäinen tagi!
Thư viện lưu trữ: Mạng thư viện Đại học Đà Nẵng
LEADER 01117cam a2200349 a 4500
001 000043141
003 1016
005 20051012142600.0
008 010217b2000 vm 000 vie
020 |c 37000 
040 |a IRC  |c IRC  |d IRC 
041 0 |a vie 
082 1 4 |a 658.04  |b NG-A 
100 1 |a Ngô Trần Ánh,  |c PTS. 
245 1 0 |a Kinh tế và quản lý doanh nghiệp /  |c Ngô Trần Ánh. 
260 |a Đà Nẵng :  |b Thống kê,  |c 2000. 
300 |a 443 tr. ;  |c 20,5 cm. 
520 3 |a Doanh nghiệp và môi trường hoạt động của doanh nghiệp, vấn đề cơ bản của quản lý, marketing, quản lý sản xuất, nhân lực, tài chính doanh nghiệp, dự án đầu tư, quản lý chất lượng... 
630 0 4 |a Kinh tế. 
630 0 4 |a Quản trị chiến lược. 
650 0 4 |a Quản lý doanh nghiệp. 
650 0 4 |a Kinh tế. 
OWN |a DUT 
999 |a From the UDN01 
TYP |a Monograph 
TYP |a Printed language 
980 |a Mạng thư viện Đại học Đà Nẵng